Statistics for AI Generated Flags - Europe

Click here to take the quiz!

General Stats

  • This quiz has been taken 50 times
  • The average score is 36 of 45

Answer Stats

Answer% Correct
France
100%
United Kingdom
100%
Iceland
98%
Russia
91%
Sweden
91%
Belgium
88%
Germany
88%
Ireland
88%
Netherlands
88%
Slovakia
88%
Ukraine
88%
Croatia
86%
Czech Republic
86%
Italy
86%
Norway
86%
Slovenia
86%
Spain
86%
Switzerland
86%
Albania
84%
Denmark
84%
Estonia
81%
Greece
81%
Portugal
81%
Serbia
81%
Finland
79%
Luxembourg
79%
Poland
79%
Vatican City
79%
Bosnia and Herzegovina
77%
Hungary
77%
Kosovo
77%
Liechtenstein
77%
Austria
74%
North Macedonia
74%
Romania
74%
San Marino
74%
Bulgaria
72%
Malta
72%
Andorra
70%
Monaco
70%
Lithuania
67%
Latvia
65%
Montenegro
65%
Moldova
63%
Belarus
60%

Score Distribution

Percentile by Number Answered

Percent of People with Each Score

Your Score History

You have not taken this quiz